000 00323nam a22001457a 4500
008 230322b ||||| |||| 00| 0 eng d
020 _a1587652021
041 _aeng
080 _2VOLUME 1
_a94
082 _a94SUP
100 _a26
101 _aHISTORI
245 _aTHE FIFTIES IN AMERICA
_cSUPER.C.J
942 _2udc
_cBK
999 _c59421
_d59421